| 000 | 00350nam a2200133Ia 4500 | ||
|---|---|---|---|
| 008 | 240624s9999 xx 000 0 und d | ||
| 041 | _aeng | ||
| 082 | _a658.3 LET | ||
| 100 | _aLETT CYNTHIA W | ||
| 245 | _aMODERN CIVILITY ETIQUETTE FOR DEALING WI | ||
| 260 |
_c2013 _aNew York _bSKYHORSE PUBLISHING |
||
| 300 | _ax, 167 p.; 23 cm. | ||
| 365 |
_c _b33 |
||
| 999 |
_c32335 _d32335 |
||